Joueurs slovènes sélectionnés à l'Euro 2024 - Statistiques

Statistiques générales
  • Ce quiz a été pris 4 fois
  • Le résultat moyen est 3 sur 27
Statistiques - réponses
Poste Club Numéro Joueur % Correct
Attaquant RB Leipzig (Allemagne) 11 Benjamin Šeško
100%
Gardien Atletico Madrid (Espagne) 1 Jan Oblak
100%
Défenseur Udinese (Italie) 6 Jaka Bijol
33%
Attaquant Girondins de Bordeaux (France) 18 Žan Vipotnik
33%
Milieu de terrain Panathinaïkos (Grèce) 22 Adam Gnezda Čerin
0%
Milieu de terrain Spartak Trnava (Slovaquie) 25 Adrian Zeljković
0%
Attaquant Panathinaïkos (Grèce) 9 Andraž Šporar
0%
Milieu de terrain Panathinaïkos (Grèce) 7 Benjamin Verbič
0%
Défenseur Orlando City SC (États-Unis) 23 David Brekalo
0%
Défenseur Górnik Zabrze (Pologne) 13 Erik Janža
0%
Gardien Vejle BK (Danemark) 16 Igor Vekić
0%
Attaquant Pisa Sporting Club (Italie) 17 Jan Mlakar
0%
Milieu de terrain FC Südtirol (Italie) 14 Jasmin Kurtić
0%
Défenseur Sturm Graz (Autriche) 5 Jon Gorenc Stanković
0%
Milieu de terrain NK Maribor (Slovénie) 26 Josip Iličić
0%
Défenseur Alanyaspor (Turquie) 3 Jure Balkovec
0%
Sélectionneur - - Matjaž Kek
0%
Défenseur Lech Poznań (Pologne) 4 Miha Blažič
0%
Milieu de terrain FK Bodø/Glimt (Norvège) 24 Nino Žugelj
0%
Défenseur UC Sampdoria (Italie) 20 Petar Stojanović
0%
Milieu de terrain Udinese (Italie) 8 Sandi Lovrić
0%
Milieu de terrain Olimpija Ljubljana (Slovénie) 10 Timi Elšnik
0%
Milieu de terrain Sturm Graz (Autriche) 15 Tomi Horvat
0%
Défenseur FK Sotchi (Russie) 21 Vanja Drkušić
0%
Gardien APOEL Nicosie (Chypre) 12 Vid Belec
0%
Attaquant FC Lugano (Suisse) 19 Žan Celar
0%
Défenseur NK Celje (Slovénie) 2 Žan Karničnik
0%
Aucun quiz correspondant
Distribution des résultats
% des personnes avec chaque résultat
Percentile par nombre de réponses
Votre historique - résultats
Vous n’avez pas pris ce quiz